000 00417nam a22001697a 4500
003 0
005 20220117150751.0
008 0
020 _a9716857153
040 _c0
050 _aLB1628
_b.B5952 2010
100 _aBilbao, Purita P.
245 _aField study 6: on becoming a teacher
_bon becoming a teacher
_cPurita P. Bilbao
260 _aManila:
_bLorimar;
_cc2010
300 _a53 pages;
_c29 cm.
942 _2lcc
_cF
999 _c2123
_d2123